A social theory for the 21st century? /

Guardat en:
Dades bibliogràfiques
Autor principal: Boron, Atilio A.
Format: Text
Etiquetes: Afegir etiqueta
Sense etiquetes, Sigues el primer a etiquetar aquest registre!

MARC

LEADER 00000 a a2200000 04500
001 48680
003
040
100 |a Boron, Atilio A.  
245 |a A social theory for the 21st century? /  |c Atilio A. Boron  
773 |g volumen 47, número 4, (1999), páginas 47-64  
999 |c 28328  |d 28328